| 000 | 06825nas a22003017a 4500 | ||
|---|---|---|---|
| 003 | NALT | ||
| 005 | 20251006111624.0 | ||
| 006 | a|||p|r|||| 00| 0 | ||
| 007 | ta | ||
| 008 | 251006b th |||p| |||| 00| 0 tha d | ||
| 040 | _aNALT | ||
| 041 | _atha | ||
| 245 | 0 | 0 | _aดุลพาห ปีที่ 52 เล่ม 1-3 (มกราคม-ธันวาคม 2548). |
| 260 | _aรุ่งอรุณการพิมพ์. | ||
| 310 | _aรายสี่เดือน | ||
| 500 | _aวารสารเย็บเล่ม | ||
| 505 | 2 | _aปีที่ 52 เล่ม 1 ม.ค.-เม.ย. 2548 -- รายงานการศึกษาผลกระทบกฎหมายเกี่ยวกับการใช้มาตรการชะลอการฟ้องและมาตรการต่อรองคำรับสารภาพ -- กระบวนยุติธรรม ทางอาญาของไทยกับร่างพระราชบัญญัติชะลอการฟ้อง พ.ศ. .... -- การรับฟังพยานหลักฐานประเภทต่าง ๆ -- มาตรการป้องกันการเก็งกำไรค่าเงินบาท -- ความผิดฐาน ชิงทรัพย์ ตามมาตรา 249(1) ประมวลกฎหมายอาญาเยอรมัน -- สัมผัสคดีต่างประเทศ. | |
| 505 | 2 | _aปีที่ 52 เล่ม 2 พ.ค.-ส.ค. 2548 -- ประเด็นและข้อเสนอแนะทางกฎหมายและจริยธรรมเกี่ยวกับการใช้เทคโนโลยีช่วยการเจริญพันธุ์ -- คำวินิจฉัยของศาลรัฐธรรมนูญและ คำพิพากษาศาลปกครอง : กรณีสิทธิในการสมัครสอบของทนายความพิการด้วยโรคโปลิโอ -- ผู้เสียหายในคดีปกครอง -- การแบ่งแยกความรับผิดทางละเมิดของเจ้าหน้าที่ จากการปฏิบัติหน้าที่และมิใช่การปฏิบัติหน้าที่ -- Cyberspace: พรมแดนใหม่ของการระงับข้อพิพาททางเลือก -- การศึกษาวิชากฎหมายภาษีอากร ณ ประเทศออสเตรเลีย (ตอนที่ 1) -- หลักกฎหมายวิธีพิจารณาความแพ่งสากล : ความพยายามในการที่จะทำให้มีกฎหมายวิธีพิจารณาความแพ่งที่เป็นกฎหมายแม่แบบ -- การตัดและปฏิเสธ ผู้พิพากษาออกจากการพิจารณาพิพากษาคดีตามกฎหมายวิธีพิจารณาความอาญาเยอรมัน -- สัมผัสคดีดังต่างประเทศ : สัมผัสคดีที่จุดประกายหลักการแห่งการตรวจสอบ ความชอบด้วยรัฐธรรมนูญโดยศาล. | |
| 505 | 2 | _aปีที่ 52 เล่ม 3 ก.ย.-ธ.ค. 2548 -- ผู้แทนของนิติบุคคลและผู้มีอำนาจทำการแทนนิติบุคคลคือใคร : ผู้ทำการแทนสำนักงานป้องกันและปราบปรามการฟอกเงิน -- การสืบมรดกกับการรับมรดกแทนที่กัน -- เราควรจะเปิดให้ต่างชาติเข้ามาลงทุนในตลาดหลักทรัพย์ได้มากขึ้น ซึ่งน่าจะทำให้ราคาหุ้นหรือดัชนีตลาดหลักทรัพย์สูงขึ้นไปได้ มาก และจะทำให้ประเทศไทยและคนไทยร่ำรวยขึ้นมาก -- ความรู้ทั่วไปเกี่ยวกับกฎหมายภาษีอากร -- การถือครองที่ดินและอาคารชุดของคนต่างด้าว -- คดีแพ้ยากับ พ.ร.บ.ความรับผิดทางละเมิดของเจ้าหน้าที่ พ.ศ. 2539 -- การเปลี่ยนแปลงโครงสร้างศาลยุติธรรมของประเทศไทยในการอุทธรณ์และฎีกา -- ระบบอนุญาโตตุลาการ ของโลกในทศวรรษหน้า -- อันเนื่องมาจากปัญหาการรวมการลงโทษ -- กระบวนการยุติธรรมเชิงสมานฉันท์ด้วยวิธีการประชุมกลุ่มครอบครัว : หลักการสำคัญโดยย่อ และข้อคิดเห็นบางประการ -- กระบวนการยุติธรรมเชิงสมานฉันท์ในงานคุมประพฤติ -- ความผิดฐานฉ้อโกงตามมาตรา 263 วรรคแรกของประมวลกฎหมายอาญา เยอรมัน -- สัมผัสคดีต่างประเทศ : สัมผัสคดีเรื่องสิทธิในการทำแท้งที่เป็นใจกลางความขัดแย้งระหว่างฝ่ายเสรีนิยมและอนุรักษ์นิยมในประเทศสหรัฐอเมริกา. | |
| 650 | 0 |
_aคดีปกครอง _918140 |
|
| 650 | 0 |
_aพยานหลักฐาน _914760 |
|
| 650 | 0 |
_aเงินบาท _954500 |
|
| 850 | _aNALT | ||
| 866 | _aปีที่ 52 เล่ม 1-3 (มกราคม-ธันวาคม 2548). | ||
| 942 |
_cBOUND _2lcc |
||
| 996 |
_aaroonthip.c _bLIBSTF _c2025-10-06 |
||
| 999 |
_c107326 _d107326 |
||
| 998 |
_h179 _j179 _k นางสาวอรุณทิพย์ จันทร์ดิษฐ์ |
||